Statistics for Metallica albums

Click here to take the quiz!

General Stats

  • This quiz has been taken 6 times
  • The average score is 9 of 11

Answer Stats

HintAnswer% Correct
1988And Justice For All
100%
1983Kill em all
100%
1986Master of puppets
100%
1984Ride the lightning
100%
202372 seasons
80%
2008Death magnetic
80%
1996Load
80%
1991Metallica
80%
1997Reload
80%
2003St. Anger
80%
2016Hardwired
60%

Score Distribution

Percentile by Number Answered

Percent of People with Each Score

Your Score History

You have not taken this quiz